Vista normal Vista MARC

Entrada Materia (personas)

Número de registros utilizados en: 1

001 - CONTROL NUMBER

  • control field: 83929

003 - CONTROL NUMBER IDENTIFIER

  • control field: Co-BoUCM

005 - DATE AND TIME OF LATEST TRANSACTION

  • control field: 20170207091737.0

008 - FIXED-LENGTH DATA ELEMENTS

  • fixed length control field: 170207|| aca||aabn | a|a d

040 ## - CATALOGING SOURCE

  • Original cataloging agency: Co-BoUCM
  • Transcribing agency: Co-BoUCM

100 ## - HEADING--PERSONAL NAME

  • Personal name: Boutard, Charles Édouard,
  • Dates associated with a name: 1849-19..

670 ## - SOURCE DATA FOUND

  • Source citation: Work cat.: (Co-BoUCM): Boutard, Charles Édouard, 1849-19.., Lamennais I. La Renaissance de l’Ultramontanisme 1782 – 1828 II. Le Catholicisme Libéral 1828 – 1834 III. L’éducation de la démocratie 1834 – 1854, 1908 - 1913